000 01434nam0a22003131 4500
001 v19\rc\1847017
005 20260407065446.0
035 _a(NLR Aleph) 005258432
090 _a5876359
_c5876359
100 _a20080221d1909 |||y0rusy50 ca
101 0 _arus
102 _aRU
105 _ay z |||||
200 1 _aЧудеса в природе
_eПо Брему, Вагнеру, Лункевичу и Рубакину
_eС рис.
_fСост. В.В. Бартенев
210 _aМосква
_cА.Д. Ступин
_d[1909]
215 _a46, [2] с.
_d15
225 1 _aБиблиотечка Ступина
700 1 _4220
_8rus
_7ca
_aБартенев
_bВ. В.
_f19 в.
_cписатель
_3RU\NLR\AUTH\7768347
_951275
702 1 _4100
_8rus
_7ca
_aБрем
_bА. Э.
_f1829-1884
_gАльфред Эдмунд
_3RU\NLR\AUTH\7716106
_9125748
702 1 _4100
_8rus
_7ca
_aЛункевич
_bВ. В.
_f1866-1941
_gВалериан Викторович
_3RU\NLR\AUTH\7768658
_951586
702 1 _4100
_8rus
_7ca
_aРубакин
_bН. А.
_f1862-1946
_gНиколай Александрович
_3RU\NLR\AUTH\7759984
_942915
702 1 _aВагнер
_bВ. А.
_f1849-1934
_gВладимир Александрович
_4100
801 0 _aRU
_bNLR
_c20080221
_gpsbo
801 0 _aRU
_bRuMoRGB
_c20080221
_2psbo
801 1 _aRU
_bProSoft-M
_c20080221
_2rusmarc
801 2 _aRU
_bNLR
_c20080923
_2rusmarc
852 _aNLR
_j34.50.8.869
942 _cBOOK
980 _aNB